000 01416nam a2200409 c 4500
999 _c48628
_d48628
001 48628
003 ES-MaCES
005 20170103104426.0
008 161213s2016 sp | 000 ||spa d
017 _aB 16672-2016
_bDL
020 _a9788433964052
040 _aES-MaCES
_bspa
_cES-MaCES
041 1 _aspa
_heng
100 1 _aZizek, Slavoj
_937695
245 1 0 _aProblemas en el paraíso
_b: del fin de la historia al fin del capitalismo
_cSlavoj Zizek ; tr. de Damià Alou
250 _a1ª ed
260 _aBarcelona
_bAnagrama
_c2016
300 _a272, [1] p.
_c22 cm
500 _aTraducción de: Trouble in paradise, from the end of the history to the end of capitalism
500 _aEl autor principal, contiene caracteres irreprod. por el centro catalogador
541 _cCompra
650 4 _acapitalismo
_927116
650 4 _aliberalismo
_931222
650 4 _acrisis económica
_927102
650 4 _ademocracia
_927175
650 4 _apolítica
_927246
650 4 _aproblema político
_927244
650 4 _aconflicto social
_927307
650 4 _amovimiento político
_929901
650 4 _ateoría económica
_927076
650 4 _aideología política
_927239
653 1 0 _aCiencias Sociales-Políticas
700 1 _937696
_aAlou, Damià
_etr.
740 0 2 _aTrouble in paradise, from the end of the history to the end of capitalism
902 _aLIB Libro
942 _2CES
_cBK
_h7.0.